| 000 | 00364nam a22001337a 4500 | ||
|---|---|---|---|
| 020 | _a9788120345171 | ||
| 040 | _cNUST | ||
| 082 | _a621.815 GOP | ||
| 100 |
_aGope, P. C. _9111862 |
||
| 245 |
_aMachine Design; _bFundamentals and Applications |
||
| 260 |
_a New Delhi: _bPHI Learning, _c2012. |
||
| 650 |
_a Machine Design Applications _9112190 |
||
| 942 |
_2ddc _cBK |
||
| 999 |
_c594490 _d594490 |
||